000
nam a22 7a 4500
999
_c
54023
_d
54023
003
OSt
005
20220728143335.0
008
220728b xxu||||| |||| 00| 0 eng d
040
_c
IIMT UNIVERSITY MEERUT
100
_a
DHAMDHARE, DM
245
_a
SYSTEM PROGRAMMING & OS -2nd
260
_b
TMH
300
_a
658
942
_2
ddc
_c
09